000 01460nam a2200301 i 4500
003 EG-GICUC
005 20260121101542.0
008 251228s2000 ua ||||fr|||| 00| 0 ara d
040 _a EG-GICUC
_bara
_c EG-GICUC
_d EG-GICUC
_erda
041 _aara
082 0 4 _221
_a343.6
_bف ت . أ
092 0 4 _221
099 _aLaw1 10 343.6 ف ت . أ 2000
100 0 _aفتوح عبدالله الشاذلى
_eمؤلف.
245 1 0 _aأساسيات علم الإجرام والعقاب :
_bأولويات علم الإجرام العام - تفسير السلوك الإجرامى - العوامل الداخلية والخارجية للإجرام -أولويات علم العقاب والجزاء الجنائى -أساليب المعاملة العقابية للمحكوم عليهم /
_cفتوح عبدالله الشاذلى .
264 1 _aالاسكندرية :
_bمنشأة المعارف,
_c2000
300 _a320 صفحة ؛
_c24 سم.
336 _2rda content
_atext
337 _2rda media
_aComputer
338 _2rda carrier
_aOnline Resource
504 _aيحتوي على ارجاعات ببليوجرافية
546 _aالنص أغلبه باللغة العربية مع بعض النصوص الفرنسية
650 1 4 _aعلم الإجرام
_xالقانون الجنائي
_2qrmak
650 1 4 _aعلم العقاب
856 4 0 _uhttps://fll.law.cu.edu.eg/fulltext/bks/B10-07323.pdf
905 _a75
942 _2ddc
_cBK
_e21
_n0
999 _c52808
_d52808